Televisión, ideología y socialización: su papel en la formación de la identidad personal y social del niño y la niña costarricenses: II parte: las preferencias televisivas/

Wedi'i Gadw mewn:
Manylion Llyfryddiaeth
Prif Awdur: Lobo Solano, Isaura (Autora)
Awduron Eraill: Robert Jiménez, Jaime Roberto (Autor)
Fformat: Llyfr
Iaith:Spanish
Pynciau:
Tagiau: Ychwanegu Tag
Dim Tagiau, Byddwch y cyntaf i dagio'r cofnod hwn!

MARC

LEADER 00000nam a22000007a 4500
003 cru IIS
005 20220620130451.0
007 ta
008 220620b |||||||| |||| 00| 0 spa d
040 |c cru IIS 
100 1 |9 10479  |a Lobo Solano, Isaura  |e Autora 
245 1 |a Televisión, ideología y socialización: su papel en la formación de la identidad personal y social del niño y la niña costarricenses:  |b II parte: las preferencias televisivas/  |c Isaura Lobo Solano, Jaime R. Robert Jiménez 
300 |a 77 páginas:  |b tablas 
500 |a Colección Centroamérica 
650 0 |9 10  |a MEDIOS DE COMUNICACION DE MASAS 
650 0 |9 1673  |a TELEVISION 
650 0 |9 7497  |a INFANCIA 
650 0 |9 3201  |a NIÑOS 
650 0 |9 4717  |a NINAS 
650 0 |9 5169  |a ROLES DE LOS GENEROS 
650 0 |9 2102  |a PAPELES SOCIALES  
651 0 |9 32  |a COSTA RICA 
700 1 |9 8099  |a Robert Jiménez, Jaime Roberto  |e Autor 
942 |2 ddc  |c PP 
999 |c 44317  |d 44317 
773 0 |0 18811  |9 3338  |a Universidad de Costa Rica. Instituto de Investigaciones en Psicología  |d San José, C.R.: Editorial de la UCR  |o 07076  |t Actualidades en Psicología /